| 000 | 00818nam a22002897a 4500 | ||
|---|---|---|---|
| 001 | 5458 | ||
| 003 | FISKH | ||
| 005 | 20241209150408.0 | ||
| 008 | 241209b cb ||||| |||| 00| 0 eng d | ||
| 020 | _a9780590275675 | ||
| 040 |
_aFISKH _beng _cFISKH _dFISKH |
||
| 050 | _aPZ7.C86 | ||
| 082 | _a428.6 | ||
| 100 |
_aCummings, Pat _d(1950-) |
||
| 245 |
_aShoveling Snow / _cby Pat Cummings |
||
| 250 | _aPublished in 1994 | ||
| 260 |
_aNew York : _bScholastic, _c1994. |
||
| 300 |
_a16 pages : _bcolor illustrations ; _c24 cm |
||
| 505 | _aE | ||
| 520 | _aPam enlists her friends to help in shoveling snow from the sidewalk and build a snowman. | ||
| 521 | 8 |
_a240L
_bLexile |
|
| 521 | 8 |
_aE
_bRaz-Plus |
|
| 650 |
_2Snow _aPaperback |
||
| 650 |
_2Fiction _aWeather |
||
| 942 |
_2ddc _cBK _n0 |
||
| 999 |
_c5458 _d5458 |
||